000 00889cam a2200277 a 4500
001 14450135
003 mut
005 20240606081121.0
008 060713s2008 maua b 001 0 eng
010 _a 2006023128
020 _a9780073050829 (pbk : alk. paper)
020 _a0073050822 (hard copy : alk. paper)
040 _aDLC
_cDLC
_dDLC
050 0 0 _aQH541
_b.M553 2008
082 0 0 _a577
_222
100 1 _aMolles, Manuel C.,
_cJr.,
_d1948-
245 1 0 _aEcology :
_bconcepts and applications /
250 _a4th ed.
260 _aBoston :
_bMcGraw-Hill Higher Education,
_cc2008.
300 _axx, 604 p. :
_bcol. ill. ;
_c28 cm.
504 _aIncludes bibliogrphical references and index.
650 0 _aEcology.
906 _a7
_bcbc
_corignew
_d1
_eecip
_f20
_gy-gencatlg
942 _2lcc
_cBK
999 _c9666
_d9666